000 00766cam a22002657a 4500
003 CHAP
005 20220817042511.0
008 971013s1969 r 00010 d
010 _a46444
011 _a47416
035 _a51558
040 _cCHAP
082 _a027.7
_bT4
100 0 0 _aThompson, G. A.
_eed.
_9112893
245 1 4 _aThe technical college library; a primer for its developmeentt
260 _aLondon :
_bAndre Deutsch,
_c1969
300 _a135 p.
590 _aBATCH-UPD
_b10
_c20130110
_lUCH01
_h0226
590 _aBATCH-UPD
_b10
_c20130110
_lUCH01
_h2056
590 _aCONVERSION
_b10
_c20130109
_lUCH01
_h1325
650 1 4 _aBibliotecas universitarias.
901 _aBK
942 _cLIBRO
949 _a027.7 T4
_bBC
_cB
_d-115235
_eB
_h60489
_i51558
_si
999 _c46444
_d46444